Estadísticas para VAL CAFD León: Objetivos de la valoración

Haz click aquí para tomar la prueba!

Estadísticas generales

  • Esta prueba ha sido tomada 12 veces
  • La puntuación promedio es 6 de 7

Estadísticas de respuestas

Respuesta% Correcto
Controlar
100%
Controlar y optimizar el entrenamiento
100%
Detectar y seleccionar talentos
100%
Investigar y llevar a cabo pruebas experimientales
100%
Diagnosticar la evolución funcional
67%
Valorar condición física y cualidades
67%
Pronosticar el rendimiento deportivo
33%

Distribución de puntuación

Porcentaje por número respondido

Porcentaje de gente con cada puntuación

Historial de tus puntuaciones

No has tomado esta prueba